| 000 | 00710cam a2200253 4500 | ||
|---|---|---|---|
| 001 | J62792 | ||
| 008 | 000000n2001 000 0 eng u | ||
| 035 | _a(Sirsi) u113012 | ||
| 041 | _aeng | ||
| 050 | _a333.336 | ||
| 110 |
_aJones Lang LaSalle _93755 |
||
| 245 | _a50 centres: Retail rents - March 2001 | ||
| 260 |
_aLondon _bJones Lang LaSalle _c2001 |
||
| 300 | _a8p. ; 30cm. | ||
| 350 | _a0 | ||
| 520 | _aAlso available on the Jones Lang LaSalle website http://www.joneslanglasalle.co.uk | ||
| 650 | _a50 CENTRES | ||
| 650 | _aRENT | ||
| 650 | _aRETAIL PROPERTY | ||
| 650 | _aSHOPS | ||
| 690 | _aPROPERTY-COMMERCIAL PROPERTY | ||
| 856 | _uhttps://www.joneslanglasalle.co.uk | ||
| 942 | _n0 | ||
| 999 |
_c101502 _d101502 |
||